000 01068nas a2200313 4500
001 BR9203517
003 BR-BrBNA
005 20231205092645.0
007 ta
008 230509b bl.|||p| |||| 00| 00por d
040 _aBR-BrBNA
_bpor
_cBiblioteca Nacional de Agricultura
041 _a(Pt)
072 _aL73
100 1 _aLindermann, T.
100 1 _aFernandes, J.C.T.
100 1 _aWentz, I.
100 1 _aFerreiro, L.
100 1 _aWents, I.
245 1 _aAspectos bacteriologico do aparelho genital suinas apos o parto em rebanhos do Rio Grande do Sul. 1. agentes etiologicos isolados a partir de disturbios puerperais no periodo de 1978 a 1984
650 _aAPARELHO REPRODUTOR
650 _aSUÍNO
650 _aPARTO
650 _aBACTERIA
650 _aANALISE BACTERIOLOGICA
650 _aRIO GRANDE DO SUL
773 0 _tArquivos da Faculdade de Veterinaria da Universidade Federal do Rio Grande do Sul (Brazil)
_xISSN 0101-5230
_g(Dec 1985), v. 13 p. 5-9
_wBR9203517
909 _a202311
_bLúcia
_c55
_dLúcia Elande
942 _2AGRIS
_n0
_cANA
999 _c133197
_d133197